000 01493nam a2200337 a 4500
001
003 DO-SdBNP
005 20230131085911.0
008 110413s2008 dr ad 001 0 spa d
020 _a9789945163483
040 _aDO-SdBNP
_bspa
_cBPMSU
082 4 _a327.729307294
_bD313Le 2008
_222
245 0 0 _aLes défis du développement insulaire :
_bdéveloppement durable, migrations et droits humains dans les relations dominico-haîtiennes au XXIe siècle /
_ceditores Wilfredo Lozano, Bridget Wooding ; traductor Paul Bertoni.
260 _aSanto Domingo :
_bFLACSO :
_bCentro de Investigaciones y Estudios Sociales,
_c2008.
300 _a390 p. :
_bil., gráfcs. ;
_c23 cm.
500 _aIncluye referencias bibliográficas y notas al final de las páginas
504 _aBibliografía : p. 365-385.
590 _aInventariado, 2022/VM
650 4 _aDesarrollo sostenible
_zRepública Dominicana
650 4 _aDesarrollo sostenible
_zHaití
651 4 _aRepública Dominicana
_xRelaciones Exteriores
_zHaití
651 4 _aHaití
_xRelaciones Exteriores
_zRepública Dominicana
651 4 _aRepública Dominicana
_xEmigración E Inmigración
_xAspectos Económicos
651 4 _aRepública Dominicana
_xTratados Comerciales
651 4 _aRepública Dominicana
_xEmigración E Inmigración
_xAspectos Sociales
700 1 2 _aLozano, Wilfredo
_d1950-
_eed.
700 1 2 _aWooding, Bridget,
_eed.
700 1 2 _aBertoni, Paul,
_etr.
910 _aVMateo V./Validado.
942 _2ddc
_cBK
999 _c14293
_d14293